000 01091cam a22003375a 4500
001 013621097
003 EG-ScBUE
005 20250616125306.0
008 050614t2005 gw a f b 001 0 eng d
020 _a9783527405985
020 _a3527405984
040 _aTEF
_beng
_erda
_cTEF
_dDLC
_dUk
_dEG-ScBUE
082 0 4 _222
_a536.7
_bBUR
100 1 _aBurshteĭn, A. I.
_q(Anatoliĭ Izrailevich)
_eauthor.
245 1 0 _aIntroduction to thermodynamics and kinetic theory of matter /
_cA. I. Burshstein, Weizmann Institute of Science.
250 _aSecond edition.
264 1 _aWeinheim :
_bWiley-VCH,
_c[2005]
264 4 _cc2005
300 _axiii, 336 pages :
_billustrations ;
_c24 cm.
336 _2rdacontent
_atext
_btxt
337 _aunmediated
_2rdamedia
_bn
338 _avolume
_bnc
_2rdacarrier
490 0 _aPhysics textbook
504 _aIncludes bibliographical references and index.
650 7 _aThermodynamics.
_2BUEsh
_91919
650 7 _aKinetic theory of matter.
_2BUEsh
651 _2BUEsh
653 _bGGEN
_cMay2018
655 _vReading book
942 _2ddc
_cBB
999 _c26733
_d26705